000 00751nam a2200265Ia 4500
005 20260302115704.0
008 008 260114s9999 xx 000 0 eng d
020 _a9781501363290
037 _aTextbook
040 _aCRL
040 _beng
040 _cCRL
041 _2eng
041 _aeng
084 _qCRL
100 _aAndrew Zinnes and Genevieve Jolliffe
_91122349
245 0 _aScreenwriters Advice From Popular and Award Winning Film, TV, and Streaming Shows
260 _bBloomsbury
260 _bBloomsbury Academic
260 _c2023
650 _aJournalism & mass Comm
856 _uhttps://doi.org/10.5040/9781501363290?locatt=label:secondary_bloomsburyCollections
942 _cEBOOK
999 _c1687123
_d1687123